Plan of Orange Vale Estate (Record no. 116893)

MARC details
000 -LEADER
fixed length control field 00956cfm a22002175a 4500
001 - CONTROL NUMBER
control field L140495
008 - FIXED-LENGTH DATA ELEMENTS--GENERAL INFORMATION
fixed length control field 070925s1806 xxk a 0 h eng u
035 ## - SYSTEM CONTROL NUMBER
System control number (Sirsi) u140495
041 0# - LANGUAGE CODE
Language code of text/sound track or separate title eng
100 1# - MAIN ENTRY--PERSONAL NAME
Personal name Pechon, Major I.
245 00 - TITLE STATEMENT
Title Plan of Orange Vale Estate
Remainder of title in the Parish of St George in the Island of Jamaica the property of Alexander Donaldson Esquire 1806
Medium [cartographic material]
255 ## - CARTOGRAPHIC MATHEMATICAL DATA
Statement of scale Scale 1:5820
260 ## - PUBLICATION, DISTRIBUTION, ETC.
Date of publication, distribution, etc. 1806
300 ## - PHYSICAL DESCRIPTION
Extent 1 ms. map
Other physical details col., rolled
Dimensions 71 x 124 cm.
500 ## - GENERAL NOTE
General note Manuscript map with hand colouring.
500 ## - GENERAL NOTE
General note Map signed by Major I. Pechon, Island Asst. Engineer, Kingston, Jamaica and dated 1 May 1806.
500 ## - GENERAL NOTE
General note Insets include references to land utilisation; the position of the Estate in relation to others; the Orange Vale Pen House and the Orange Vale Works.
651 4# - SUBJECT ADDED ENTRY--GEOGRAPHIC NAME
Geographic name Jamaica
690 ## - LOCAL SUBJECT ADDED ENTRY--TOPICAL TERM (OCLC, RLIN)
Topical term or geographic name as entry element ENVIRONMENTAL AND LAND CONSULTANCY-GEOMATICS-MAPPING AND POSITIONING-CARTOGRAPHY
942 ## - ADDED ENTRY ELEMENTS (KOHA)
Suppress in OPAC 0
Holdings
Withdrawn status Lost status Source of classification or shelving scheme Damaged status Not for loan Home library Current library Shelving location Date acquired Total Checkouts Full call number Barcode Date last seen Copy number Price effective from Koha item type
    Dewey Decimal Classification     Historic collection Historic collection Historic collection 25/09/2007   MAP CABINET DRAWER 5 140495-2001 06/08/2019 1 06/08/2019 Archive